LEADER 00989nam2-22002891i-450- 001 990000167600403321 035 $a000016760 035 $aFED01000016760 035 $a(Aleph)000016760FED01 035 $a000016760 100 $a20011111d--------km-y0itay50------ba 101 0 $aita 105 $ay-------001yy 200 1 $a2. : Contenente le carte corografiche etopografiche dell'Italia inferiore infogli. LXXVII, 90 tav. : ill. 210 $aFirenze$cs.e.$d1844- 215 $av.$d61 cm 461 0$1001000012780$12001$aAtlante geografico degli stati italiani delineato sopra le migliori e pił moderne mappe per servire di corredo allacorografia fisica, storica e statistica dell'Italia 610 0 $aAtlanti geografici 676 $a912.45 700 1$aZuccagni-Orlandini,$bAttilio$f<1783-1872> 801 0$aIT$bUNINA$gRICA$2UNIMARC 901 $aBK 912 $a990000167600403321 952 $a13 AR 6 C 14$b7207$fFINBC 959 $aFINBC 997 $aUNINA DB $aING01 LEADER 03627oas 2201141 a 450 001 9910976051803321 005 20260218111930.0 011 $a2161-7791 024 7 $aLE3205 035 $a(DE-599)ZDB2065899-0 035 $a(OCoLC)60640265 035 $a(CONSER) 2011200751 035 $a(CKB)37415550800041 035 $a(DE-599)2065899-0 035 $a(EXLCZ)9937415550800041 100 $a20050615a19299999 uy a 101 0 $aeng 135 $aurun||||||||| 181 $ctxt$2rdacontent 182 $cc$2rdamedia 183 $acr$2rdacarrier 200 00$aAmerican school & university 210 $aPhiladelphia $cEducational Division of North American Pub. Co 210 3 $aFort Atkinson WI $cEndeavor Business Media, LLC 215 $a1 online resource 300 $aTitle varies slightly. 300 $aPublished: Overland Park, KS : PRIMEDIA Business Magazines & Media Inc., ; Overland, KS : Prism Business Media, 311 08$a0003-0945 517 3 $aAmerican school and university 517 1 $aAS & U 517 1 $aAmerican school & university architectural portfolio 517 3 $aAmerican school and university architectural portfolio 517 1 $aWho's who directory & buyers' guide 517 3 $aWho's who directory and buyers' guide 606 $aSchool facilities$vPeriodicals 606 $aSchool buildings$vPeriodicals 606 $aCollege buildings$vPeriodicals 606 $aSchools$xFurniture, equipment, etc$vPeriodicals 606 $aCollege facilities$vPeriodicals 606 $aSchool purchasing$vPeriodicals 606 $aE?quipements scolaires$vPe?riodiques 606 $aE?quipements universitaires$vPe?riodiques 606 $aE?coles$xAchats$vPe?riodiques 606 $aConstructions scolaires$vPe?riodiques 606 $aE?coles$xMeubles, e?quipement, etc$vPe?riodiques 606 $aSchool purchasing$2fast$3(OCoLC)fst01107750 606 $aCollege facilities$2fast$3(OCoLC)fst00867783 606 $aCollege buildings$2fast$3(OCoLC)fst00867723 606 $aSchool buildings$2fast$3(OCoLC)fst01107046 606 $aSchool facilities$2fast$3(OCoLC)fst01107385 606 $aSchools$xFurniture, equipment, etc$2fast$3(OCoLC)fst01107997 608 $aPeriodicals.$2fast 608 $aPeriodicals.$2lcgft 615 0$aSchool facilities 615 0$aSchool buildings 615 0$aCollege buildings 615 0$aSchools$xFurniture, equipment, etc. 615 0$aCollege facilities 615 0$aSchool purchasing 615 6$aE?quipements scolaires 615 6$aE?quipements universitaires 615 6$aE?coles$xAchats 615 6$aConstructions scolaires 615 6$aE?coles$xMeubles, e?quipement, etc. 615 7$aSchool purchasing. 615 7$aCollege facilities. 615 7$aCollege buildings. 615 7$aSchool buildings. 615 7$aSchool facilities. 615 7$aSchools$xFurniture, equipment, etc. 676 $a371.6 801 0$bOCLCS 801 1$bOCLCS 801 2$bOCLCQ 801 2$bOCLCE 801 2$bIL4I4 801 2$bDLC 801 2$bSERSO 801 2$bCUD 801 2$bOCLCQ 801 2$bCOO 801 2$bOCLCF 801 2$bOCLCQ 801 2$bCOD 801 2$bVT2 801 2$bDLC 801 2$bREC 801 2$bOCLCO 801 2$bDYJ 801 2$bOCLCQ 801 2$bIOY 801 2$bOCL 801 2$bCUS 801 2$bOCLCL 906 $aJOURNAL 912 $a9910976051803321 996 $aAmerican school & university$92338539 997 $aUNINA